Aplikácia integrovaného systému manažérstva kvality v potravinárskom priemysle

Salvato in:
Dettagli Bibliografici
Autore principale: Karkalíková, Marta
Natura: Capitolo di libro
Lingua:slovacco
Tags: Aggiungi Tag
Nessun Tag, puoi essere il primo ad aggiungerne!!

MARC

LEADER 00000naa$a2200000$$$4500
001 0135547
005 20240502072523.3
041 0 |a slo 
044 |a SK 
245 1 0 |a Aplikácia integrovaného systému manažérstva kvality v potravinárskom priemysle  |c Marta Karkalíková 
100 1 |a Karkalíková, Marta